000 00877nam a22002177a 4500
005 20111104143851.0
010 _aG-001609
020 _c195.00
_a9788189107666
035 1 d _aG-001609
037 _bGift
082 _a650.1
100 _aKelley, Dennis A.
_935726
245 _aAchieving unlimited success:
_cby Dennis A. Kelley
_bhow to get out of your own way and live the life of your dreams /
260 _aBhopal
_bIndra Publishing Hosue
_c2009
270 _aE-5/21, Arera Colony, Habibganj Police Station Road,
_bBhopal
_e462016
300 _a224p.
_c24cm(pbk)
500 _aIncludes index
942 _2ddc
_cEN
_mKEL
_h650.1
999 _c58144
_d58144